Normal view MARC view

Entry Personal Name

Number of records used in: 2

001 - CONTROL NUMBER

  • control field: 10058

003 - CONTROL NUMBER IDENTIFIER

  • control field: dpl

005 - DATE AND TIME OF LATEST TRANSACTION

  • control field: 20100810125827.0

008 - FIXED-LENGTH DATA ELEMENTS

  • fixed length control field: 100810|||a|||||| | ||| d

040 ## - CATALOGING SOURCE

  • Original cataloging agency: dpl
  • Transcribing agency: dpl

100 ## - HEADING--PERSONAL NAME

  • Personal name: Rajakumar, P.

670 ## - SOURCE DATA FOUND

  • Source citation: Work cat.: (dpl): Rajakumar, P., Vital in corrosion science /, (200?)

670 ## - SOURCE DATA FOUND

  • Source citation: Work cat.: (dpl): Rajakumar, P., Vital in corrosion science /, (200?)

© Delhi Public Library
Hit Counter
free hit counter